/ 3



Bhartiya Kavya Shastra (Record no. 40426)

MARC details
000 -LEADER
fixed length control field 00255nam a22001097a 4500
008 - FIXED-LENGTH DATA ELEMENTS--GENERAL INFORMATION
fixed length control field 231130b |||||||| |||| 00| 0 eng d
100 ## - MAIN ENTRY--PERSONAL NAME
Personal name Uday, Bhanu Singh
245 ## - TITLE STATEMENT
Title Bhartiya Kavya Shastra
260 ## - PUBLICATION, DISTRIBUTION, ETC.
Name of publisher Samayik Pub
300 ## - PHYSICAL DESCRIPTION
Number of Pages 264p
942 ## - ADDED ENTRY ELEMENTS (KOHA)
Koha item type Books
Holdings
Accession Number Cost, replacement price Lost status Damaged status Price effective from Koha item type Not for loan Withdrawn status Home library Current library Shelving location Date acquired Source of acquisition Cost, normal purchase price
11597 15.00     01/13/2023 Books   Withdrawn RCL RCL General Stacks 01/13/2023 DDC 15.00

Find us on the map

Contact Us

RAMANUJAN COLLEGE UNIVERSITY OF DELHI, KALKAJI, NEW DELHI 110019
library@ramaanujan.du.ac.in
011-35002219
https://library.ramanujancollege.ac.in/
ramanujancollegelibrary
                                 
Customized & Maintained by Department of Library
Visitor Counter